Das (Wasted) Kapital : Firm Ownership and Investment Efficiency in China /

Based on a survey that we designed and that covers a stratified random sample of 12,400 firms in 120 cities in China with firm-level accounting information for 2002-2004, this paper examines the presence of systematic distortions in capital allocation that result in uneven marginal returns to capita...

Повний опис

Бібліографічні деталі
Автор: Dollar, David
Інші автори: Wei, Shang-Jin
Формат: Журнал
Мова:English
Опубліковано: Washington, D.C. : International Monetary Fund, 2007.
Серія:IMF Working Papers; Working Paper ; No. 2007/009
Онлайн доступ:Full text available on IMF
LEADER 02238cas a2200253 a 4500
001 AALejournalIMF004671
008 230101c9999 xx r poo 0 0eng d
020 |c 5.00 USD 
020 |z 9781451865738 
022 |a 1018-5941 
040 |a BD-DhAAL  |c BD-DhAAL 
100 1 |a Dollar, David. 
245 1 0 |a Das (Wasted) Kapital :   |b Firm Ownership and Investment Efficiency in China /  |c David Dollar, Shang-Jin Wei. 
264 1 |a Washington, D.C. :  |b International Monetary Fund,  |c 2007. 
300 |a 1 online resource (38 pages) 
490 1 |a IMF Working Papers 
500 |a <strong>Off-Campus Access:</strong> No User ID or Password Required 
500 |a <strong>On-Campus Access:</strong> No User ID or Password Required 
506 |a Electronic access restricted to authorized BRAC University faculty, staff and students 
520 3 |a Based on a survey that we designed and that covers a stratified random sample of 12,400 firms in 120 cities in China with firm-level accounting information for 2002-2004, this paper examines the presence of systematic distortions in capital allocation that result in uneven marginal returns to capital across firm ownership, regions, and sectors. It provides a systematic comparison of investment efficiency among wholly and partially state-owned, wholly and partially foreignowned, and domestic privately owned firms, conditioning on their sector, location, and size characteristics. It finds that even after a quarter-of-century of reforms, state-owned firms still have significantly lower returns to capital, on average, than domestic private or foreign-owned firms. Similarly, certain regions and sectors have consistently lower returns to capital than other regions and sectors. By our calculation, if China succeeds in allocating its capital more efficiently, it could reduce its investment intensity by 5 percent of GDP without sacrificing its economic growth (and hence deliver a greater improvement to its citizens' living standard). 
538 |a Mode of access: Internet 
700 1 |a Wei, Shang-Jin. 
830 0 |a IMF Working Papers; Working Paper ;  |v No. 2007/009 
856 4 0 |z Full text available on IMF  |u http://elibrary.imf.org/view/journals/001/2007/009/001.2007.issue-009-en.xml  |z IMF e-Library